| 000 | 00000nam 2200000zi 4500 |
| 001 | 9.945042 |
| 003 | CaOODSP |
| 005 | 20250130131108 |
| 006 | m o d f |
| 007 | cr mn||||||||| |
| 008 | 241108t20252025onca o f000 0 fre d |
| 020 | |a9780660745770 |
| 040 | |aCaOODSP|bfre|erda|cCaOODSP |
| 043 | |an-cn--- |
| 086 | 1 |aNR16-469/2024F-PDF |
| 245 | 00|aInitiative sur les matériaux critiques pour les batteries. |
| 264 | 1|a[Ottawa] : |bConseil national de recherches Canada = National Research Council Canada, |c[2025] |
| 264 | 4|c©2025 |
| 300 | |a1 ressource en ligne (5 pages non numérotées) : |billustrations en couleur |
| 336 | |atexte|btxt|2rdacontent/fre |
| 337 | |ainformatique|bc|2rdamedia/fre |
| 338 | |aressource en ligne|bcr|2rdacarrier/fre |
| 500 | |aPublié aussi en anglais sous le titre : Critical battery materials initiative. |
| 500 | |aEn tête de titre : CRNC-NRC Programme Défi. |
| 650 | 6|aPiles électriques|xMatériaux|zCanada. |
| 650 | 6|aMatériaux stratégiques|zCanada. |
| 710 | 2 |aConseil national de recherches Canada, |eorganisme de publication. |
| 775 | 08|tCritical battery materials initiative.|w(CaOODSP)9.945041 |
| 856 | 40|qPDF|s1.45 Mo|uhttps://publications.gc.ca/collections/collection_2025/cnrc-nrc/NR16-469-2024-fra.pdf |